Main New Girl Characters and Actors - Statistics

General Stats
  • This quiz has been taken 348 times
  • The average score is 8 of 10
Answer Stats
Character % Correct
Jessica Day
99%
Nick Miller
98%
Winston Bishop
95%
Winston Schmidt
94%
Cece Parekh
92%
Zooey Deschanel
72%
Jake Johnson
64%
Max Greenfield
61%
Hannah Simone
49%
Lamorne Morris
43%
No matching quizzes found
Score Distribution
Percent of People with Each Score
Percentile by Number Answered
Your Score History
You have not taken this quiz